Tvorba produktu cestovnej kancelárie vo vybranej európskej destinácií diplomová práca

Na minha lista:
Detalhes bibliográficos
Autor principal: Krajčiová, Petronela
Autor Corporativo: Obchodná fakulta EU. Katedra cestovného ruchu
Outros Autores: Frasch, Alexander, 1992-
Formato: Livro
Idioma:eslovaco
Publicado em: Bratislava 2025
Tags: Adicionar Tag
Sem tags, seja o primeiro a adicionar uma tag!

MARC

LEADER 00000nbm a2200000 4500
001 0310166
005 20251118113515.1
041 0 |a slo 
044 |a SK 
245 1 0 |a Tvorba produktu cestovnej kancelárie vo vybranej európskej destinácií  |b diplomová práca  |c Petronela Krajčiová ; školiteľ: Alexander Frasch 
264 1 |a Bratislava  |c 2025 
300 |a 88 s. 
100 1 |a Krajčiová, Petronela 
700 1 |a Frasch, Alexander, 1992- 
710 2 |a Obchodná fakulta EU. Katedra cestovného ruchu